logo

Bir Sreshtho Munshi Abdur Rouf Library
Jhenaidah Cadet College

মোহাম্মদ রফিকের নির্বাচিত কবিতা / (Record no. 3551)

MARC details
000 -LEADER
fixed length control field 00811nam a22002417a 4500
001 - CONTROL NUMBER
JCCL Control Number 3551
003 - CONTROL NUMBER IDENTIFIER
JCCL marc code BD-JhCC
005 - DATE AND TIME OF LATEST TRANSACTION
control field 20171115183155.0
008 - FIXED-LENGTH DATA ELEMENTS--GENERAL INFORMATION
fixed length control field 171114s2007 xxu |||| |||| 000 0 ben d
020 ## - INTERNATIONAL STANDARD BOOK NUMBER
International Standard Book Number 9848065601
035 ## - SYSTEM CONTROL NUMBER
system control number (BD-JhCC)3551
040 ## - CATALOGING SOURCE
Original cataloging agency BD-JhCC
Modifying agency BD-JhCC
041 ## - LANGUAGE CODE
Language code of Book ben
082 ## - DEWEY DECIMAL CLASSIFICATION NUMBER
Classification number 891.4415
Author mark and Year RAF 2007
100 ## - MAIN ENTRY--PERSONAL NAME
Personal name রফিক, মোহাম্মদ
245 ## - TITLE STATEMENT
Title মোহাম্মদ রফিকের নির্বাচিত কবিতা /
Statement of responsibility, etc মোহাম্মদ রফিক; অরুণ সেন (সম্পা)
260 ## - PUBLICATION, DISTRIBUTION, ETC. (IMPRINT)
Place of publication, distribution, etc ঢাকা :
Name of publisher, distributor, etc প্যাপিরাস,
Date of publication, distribution, etc ২০০৭.
300 ## - PHYSICAL DESCRIPTION
Pagination ২২১ পৃ. :
Dimensions ২২ সেমি.
650 ## - SUBJECT ADDED ENTRY--TOPICAL TERM
Topical term or geographic name as entry element Selected Poems
700 ## - ADDED ENTRY--PERSONAL NAME
Personal name সেন, অরুণ
942 ## - ADDED ENTRY ELEMENTS (KOHA)
Source of classification or shelving scheme Dewey Decimal Classification
Koha item type Books
Holdings
Source of classification or shelving scheme Damaged status Not for loan Home library Current library Shelving location Date of accession Cost, normal purchase price Total Checkouts Full call number Barcode Date last seen Copy number Koha item type
Dewey Decimal Classification     JCC Rouf Library JCC Rouf Library General Stacks 11/14/2017 250.00   891.4415 RAF 2007 5246 11/14/2017 C-1 Books

JCC Library | Contacts | JCC Home

Last Update on 23 September 2017
Copyright @ 2017-2020 JCC Rouf Library
Rouf Library, Jhenidah Cadet College (JCC), Bangladesh